Einwohnerdichte von Bundesländern (D) - Statistiken

Allgemein
  • Dieses Quiz wurde 189 mal gespielt
  • Das Durchschnittsergebnis liegt bei 12 aus 16
Antwortstatistiken
Einwohnerdichte Bundesland % Korrekt
4148/km² Berlin
99%
2366/km² Hamburg
99%
1622/km² Bremen
97%
524/km² Nordrhein-Westfalen
94%
384/km² Saarland
81%
310/km² Baden-Württemberg
75%
221/km² Sachsen
72%
298/km² Hessen
71%
186/km² Bayern
68%
204/km² Rheinland-Pfalz
64%
69/km² Mecklenburg-Vorpommern
60%
181/km² Schleswig-Holstein
60%
84/km² Brandenburg
55%
168/km² Niedersachsen
55%
130/km² Thüringen
53%
110/km² Sachsen-Anhalt
50%
Keine übereinstimmenden Quizze gefunden
Verteilung der Resultate
Anzahl Personen mit jedem Resultat
Perzentil nach korrekt beantworteten Fragen
Ihre Resultats-Entwicklung
Sie haben dieses Quiz noch nicht gespielt